<?xml version="1.0" encoding="UTF-8"?>
<marc:record xmlns:marc="http://www.loc.gov/MARC21/slim">
   <marc:leader>00000nam a2200000 a 4500</marc:leader>
   <marc:datafield ind1="1" ind2=" " tag="100">
      <marc:subfield code="a">Pfeiffer, Boris</marc:subfield>
      <marc:subfield code="4">aut</marc:subfield>
      <marc:subfield code="e">Verfasser/-in</marc:subfield>
   </marc:datafield>
   <marc:datafield ind1=" " ind2=" " tag="653">
      <marc:subfield code="a">CD-Hörbuch</marc:subfield>
   </marc:datafield>
   <marc:datafield ind1="0" ind2="0" tag="245">
      <marc:subfield code="a">Die drei ??? Kids 76: Blinde Passagiere</marc:subfield>
   </marc:datafield>
   <marc:datafield ind1="0" ind2="0" tag="245">
      <marc:subfield code="b">Hörspiel</marc:subfield>
   </marc:datafield>
   <marc:datafield ind1="0" ind2="0" tag="245">
      <marc:subfield code="c">Pfeiffer, Boris</marc:subfield>
   </marc:datafield>
   <marc:datafield ind1=" " ind2="1" tag="264">
      <marc:subfield code="b">Sony Music</marc:subfield>
      <marc:subfield code="c">2022</marc:subfield>
   </marc:datafield>
   <marc:datafield ind1="1" ind2=" " tag="490">
      <marc:subfield code="a">Die drei ??? Kids</marc:subfield>
      <marc:subfield code="v">Band 76</marc:subfield>
   </marc:datafield>
   <marc:datafield ind1="1" ind2=" " tag="520">
      <marc:subfield code="a">Alle Mann an Bord? Die Pacific Star sticht in See und mit ihr ein Sack voller Ganoven, denen Justus, Peter und Bob das Handwerk legen müssen. Blitzschnell fassen Justus, Peter und Bob die Diebe auf dem großen Kreuzfahrtschiff, das in Rocky Beach vor Anker liegt. Doch ist der Fall damit gelöst? Als die Freunde nochmals an Bord klettern, läuft das Schiff plötzlich aus …&#xD;
&#xD;
Titelverzeichnis&#xD;
1	076 - Blinde Passagiere - 1. Pacific Star&#xD;
2	076 - Blinde Passagiere - 2. Landausflug&#xD;
3	076 - Blinde Passagiere - 3. Diebesfalle&#xD;
4	076 - Blinde Passagiere - 4. Verfolgungsjagd&#xD;
5	076 - Blinde Passagiere - 5. Auf frischer Tat&#xD;
6	076 - Blinde Passagiere - 6. Strandparty&#xD;
7	076 - Blinde Passagiere - 7. Reingefallen&#xD;
8	076 - Blinde Passagiere - 8. Lichtzeichen</marc:subfield>
   </marc:datafield>
   <marc:datafield ind1=" " ind2=" " tag="041">
      <marc:subfield code="a">eng</marc:subfield>
   </marc:datafield>
   <marc:datafield ind1=" " ind2=" " tag="338">
      <marc:subfield code="a">Audiodisk</marc:subfield>
   </marc:datafield>
   <marc:datafield ind1=" " ind2=" " tag="300">
      <marc:subfield code="a">1</marc:subfield>
   </marc:datafield>
</marc:record>
